000 00309nam a22001337a 4500
008 170324b xxu||||| |||| 00| 0 eng d
020 _a2901418042782
041 _aeng
080 _25 ED
_a611
100 _a6
101 _aSHM
245 _aCARDIOPULMONARY ANATOMY PHYSIOLOGY
_cJARDINS.T.D
942 _2udc
_cBK
999 _c8646
_d8646